header

Louisiana rambles (Record no. 231188)

MARC details
000 -LEADER
fixed length control field 01766nam a2200445Ia 4500
100 1# - MAIN ENTRY--AUTHOR NAME
Personal name McNulty, Ian,
245 10 - TITLE STATEMENT
Title Louisiana rambles
260 ## - PUBLICATION, DISTRIBUTION, ETC. (IMPRINT)
Place of publication Jackson :
Name of publisher University Press of Mississippi,
Year of publication c2011.
300 ## - PHYSICAL DESCRIPTION
Number of Pages xx, 297 p. :
Other physical details ill.
650 #0 - SUBJECT ADDED ENTRY--TOPICAL TERM
Topical Term Cajuns
856 40 - ELECTRONIC LOCATION AND ACCESS
Uniform Resource Identifier http://site.ebrary.com/lib/rucke/Doc?id=10464789

No items available.

© 2026 Rongo University
Contact us: librarian | system librarian | Rongo university